"Million Dollar Man" - All Lyrics (Lana Del Rey) - Statistics

General Stats
  • This quiz has been taken 24 times
  • The average score is 242 of 258
Answer Stats
Lyrics % Correct
a
100%
and
100%
And
100%
do,
100%
dollar
100%
don't
100%
down,
100%
for
100%
go
100%
honey
100%
how
100%
How
100%
I
100%
I'm
100%
is
100%
It
100%
it's
100%
know
100%
like
100%
love
100%
man
100%
me
100%
million
100%
money
100%
money,
100%
One
100%
ready,
100%
ready
100%
show
100%
So
100%
so
100%
that
100%
the
100%
two
100%
Two
100%
You
100%
you
100%
you,
100%
broke?
95%
follow
95%
get
95%
heart
95%
my
95%
said
95%
to
95%
unbelievable
95%
was
95%
way?
95%
what
95%
why
95%
You're
95%
you're
95%
define
89%
did
89%
hard
89%
hard,
89%
Holdin'
89%
in
89%
tight
89%
up
89%
final
84%
flower
84%
I'd
84%
isn't
84%
Look
84%
most
84%
or
84%
over,
84%
over
84%
screwed
84%
take
84%
anywhere,
79%
anywhere
79%
at
79%
brilliant,
79%
exotic
79%
got
79%
grab
79%
If
79%
Something
79%
strange,
79%
baby,
74%
boy,
74%
dangerous,
74%
goin'
74%
hour
74%
just
74%
our
74%
Someone
74%
them
74%
them,
74%
world,
74%
as
68%
but,
68%
convince
68%
crazy,
68%
price?
68%
tainted,
68%
You've
68%
flawed
58%
babe
47%
No matching quizzes found
Score Distribution
Percent of People with Each Score
Percentile by Number Answered
Your Score History
You have not taken this quiz